[Event "Morelia/Linares 24th"]
[Site "Morelia/Linares"]
[Date "2007.02.17"]
[Round "1"]
[White "Carlsen, Magnus"]
[Black "Morozevich, Alexander"]
[Result "1-0"]
[WhiteElo "2690"]
[BlackElo "2741"]
[Annotator "Marin,Mihail"]
[PlyCount "135"]
[EventDate "2007.02.17"]
[EventType "tourn"]
[EventRounds "14"]
[EventCountry "ESP"]
[EventCategory "20"]
[SourceTitle "CBM 117"]
[Source "ChessBase"]
[SourceDate "2007.03.30"]
[SourceVersion "1"]
[SourceVersionDate "2007.03.30"]
[SourceQuality "1"]

1. d4 Nf6 2. c4 g6 3. g3 Bg7 4. Bg2 O-O 5. Nc3 d6 6. Nf3 c5 ({This move order presents a series of minor advantages over the more popular} 6... Nc6 7. O-O a6 8. d5 Na5 9. Nd2 c5 10. Qc2 e5 {. First of all, White's centre is submitted to less pressure after 6...Nc6, offering White a wider choice of systems on the 8th move. The second aspect will become clear later.}) 7. O-O Nc6 8. d5 ({The main drawback of this variation is that White can retain a tiny edge without any risk by means of} 8. dxc5 {. However, the critical line against both 6...c6 and 6...c5 remains the advance of the d-pawn.}) 8... Na5 9. Nd2 e5 10. b3 Ng4 {This is Black's additional possibility compared to the 6...c6 lines. Black decides to start his kingside play without "wasting time" with ...a6, ...b8 and ...b5. Leaving the a5-knight out of play for such a long time is a very risky decision, but it seems to suit Morozevich' original and enterprising style of play.} 11. h3 ({Generally speaking, White should avoid such weakening moves, unless he has something concrete in mind. A classical brilliant game went} 11. e4 f5 12. exf5 e4 13. f6 Nxf6 14. Ndxe4 $1 Nxe4 15. Nxe4 Bxa1 16. Bg5 Bf6 17. Nxf6+ Rxf6 18. Qa1 Kf7 {Now, after the quiet move} 19. Re1 $3 {Black found it difficult to defend against the threats e3-f3 or c3 and if ...b6 then e6! in Geller-Velimirovic, Havana 1971.}) 11... Nh6 12. Nde4 {This novelty is a logical consequence of the previous move. With the provocative knight jump to the centre, White aims to take advantage of Black's temporary lack of coordination by energetical means.} ({RR} 12. e4 f5 13. exf5 gxf5 14. Bb2 Bd7 15. Qe2 a6 16. Rae1 Rb8 17. Nd1 b5 18. Bc3 b4 19. Ba1 Qg5 20. f4 Qxg3 21. fxe5 Rbe8 22. Qf2 Qxf2+ 23. Nxf2 Rxe5 24. Rxe5 dxe5 25. Nd3 Nb7 26. Nxe5 Bc8 {Iordachescu,V (2584)-Stevic,H (2608) Baku 2016 1-0 (38)}) ({RR} 12. e4 f5 13. exf5 gxf5 14. Bb2 f4 15. Nce4 b6 16. a3 Qe7 17. g4 Bd7 18. b4 Nb7 19. Re1 Nf7 20. Rb1 h5 21. f3 Nh8 22. Qc2 Be8 23. Bf1 Ng6 24. Bd3 Nh4 25. Bc3 Rc8 26. Qd1 Rf7 {Mishra,A (2550)-Tissir,M (2354) Dubai UAE 2023 1-0 (42)}) 12... f6 ({Black intends to consolidate with ...f7. The generally desirable} 12... f5 {is met by} 13. Ng5 {, taking advantage of the weakness of the light squares in Black's camp.}) 13. Nxd6 $146 {There was no way back already. If Black was allowed to carry out his planned regroupment (...f7 folowed by ...f5), White's previous play would simply become pointless.} ({RR} 13. Bd2 b6 14. f4 Nf7 15. Nf2 f5 16. e3 Bd7 17. Kh2 e4 18. Rg1 h5 19. Rc1 Qc8 20. g4 hxg4 21. hxg4 Re8 22. gxf5 Bxf5 23. Bh3 Nb7 24. Rxg6 Bxh3 25. Nxh3 Re7 26. Qh5 Qf8 27. Rcg1 {1-0 (27) Siuniakov,I (2316)-Alimov,A (1955) Novokuznetsk 2012}) 13... Qxd6 14. Ne4 Qd8 15. Nxc5 {White's compensation for the sacrificed piece is out of question. The a5-knight did not improve its situation any bit, while the white central pawns look threatening.} f5 $5 ({Morozevich chooses to return the material "with interest", for the sake of rapidly completing his development.} 15... Nf7 $2 {would have been bad because of} 16. Ne6 Bxe6 17. dxe6 Nd6 18. e7 Qxe7 19. Qd5+ {with a more advantageous position for White than in the game. However, 15...f5 or 15...c7 are worth investigating.}) ({In case of, say} 15... Qc7 {play would have a less concrete character than in the game, but the passive position of the a5-knight would have provided White with excellent compensation.} 16. Ba3 Rd8 {[%cal Gg7f8]} 17. Nd3 f5 18. Qc2 $44 {[%csl Ga5][%cal Ya1d1,Yg1h2,Ye2e4]} (18. Rc1 Nc6 $5 {[%cal Yd8d1]}) (18. e4 fxe4 {[%csl Gh3]}) 18... e4 19. Nf4 Bxa1 $6 20. Rxa1 $40 {[%csl Ga5][%cal Yb2h8,Ra3b2,Rc2c3]}) 16. d6 ({Actually, even here White could refrain from winning the piece back, in order to maintain his strong centre of pawns and keep the a5-knight out of play.} 16. Ba3 e4 17. Rc1 $44) 16... e4 17. d7 Nf7 18. Rb1 Qe7 19. dxc8=Q Raxc8 20. Na4 Rfd8 21. Qe1 Nc6 {Generally speaking, Black can be content with the outcome of the opening. He is much better developed and has considerable advantage of space. Besides, the g2-bishop will remain passive for a long time. However, White's position has no weaknesses, which gives him hope to repell the first wave of Black's initiative and retain the small material advantage. From this point of view, Carlsen's play in the next phase of the game deserves the highest praise.} 22. Nc3 Nd4 23. Bb2 ({The hurried activation of the knight with} 23. Nd5 {could have been met by} Rxd5 $5 24. cxd5 Rc2 $44 {with very active play for Black.}) 23... b5 24. Nd5 Qd6 $6 {There are several things to reproach to this move. The queen fails to increase the pressure against the c4-pawn and to support the central knight (or bishop after xd4, xd4) and will be slightly exposed.} (24... Qc5 $5 25. Bxd4 Bxd4 26. e3 Be5 27. Rc1 bxc4 28. bxc4 Rb8 $44 {Black cannot be worse here.}) 25. Bxd4 Bxd4 26. Rd1 Be5 27. Qa5 bxc4 28. Ne3 $1 Qc7 29. Qxc7 Bxc7 30. Nxc4 {White has activated his position a lot.} Ne5 31. Rxd8+ Rxd8 32. Rc1 Nxc4 33. Rxc4 {Only a dozen of moves have passed since the previous diagrammed position and we can see that White has fulfilled all the programmed tasks. He has provoked mass exchanges and retained the extra-pawn at the same time. Even so, it is highly questionable whether he has real winning chances, because of Black's persisting advantage of space and the presence of the opposite coloured bishops.} Rd1+ 34. Bf1 Bd6 35. e3 a5 36. Kg2 Kf7 37. Rc2 Ke7 38. Be2 Rd5 39. Bc4 Rd1 40. g4 f4 $2 {A blunder just before the first time control. Morozevich must have overlooked White's 43rd move.} ({Any neutral move such as} 40... Kf6 {would have maintained Black's drawing chances intact. His considerable advantage of space would have restricted White's active possibilities.}) 41. exf4 Bxf4 42. Re2 Rd4 43. Bd3 $3 {With this unexpected tactical resource, White wins a second pawn.} Kf6 (43... Rxd3 44. Rxe4+ {leads to a hopeless rook ending.}) 44. Bxe4 Rd2 45. Rxd2 Bxd2 46. Kg3 Be1 47. Kf3 Bb4 48. h4 h6 49. Ke2 Bd6 ({Morozevich' plan is hard to understand. The best chance for survival was blocking the white pawns on light squares with} 49... g5 {when White still needs to prove a winning plan. See the comment on the next move.}) 50. Kd3 Bc5 ({This was the last moment when Black could play} 50... g5 {It turns out that White is winning, but certain technical effort is needed still.} 51. h5 $1 {This is a dangerous candidate to promotion. Black faces severe problems defending both his wings. For instance, if the king guards the queenside majority (orpassed pawn), allowing the white king get to g6, the bishopcouldnot defend the h6-pawn for too long. (...f8 is met by g8 followed by g7). Black has to permanently count with a double pawn break on the kingside.} Ke5 52. f3 Bb4 53. Kc4 Ba3 (53... Kd6 54. f4 $1 gxf4 (54... Bd2 55. f5 $18 {is relatively easy. Black cannot fight against two remote passed pawns.}) 55. g5 hxg5 56. h6 Ba3 57. b4 $1 Bb2 (57... axb4 58. Kb3 $1 $18 {and the h-pawn promotes.}) 58. bxa5 Kc7 {It should be mentioned that in certain cases, if White would have only one passedpawn on the a-file and the black king could get to h8, the position would be a draw. Black would just give up his bishop for the a-pawn when needed.} 59. Bf3 Kb8 60. Kd5 Ka7 61. Ke6 Ka6 62. Kf5 Kxa5 63. Kxg5 Kb4 64. Kg4 (64. Kxf4 $2 Bc1+ 65. Kf5 Bxh6 $11) 64... Ka3 65. Bd5 Be5 66. h7 Kb4 67. Kf5 Bh8 68. Kxf4 $18) 54. Kb5 Bb4 55. Ka4 Bd2 56. a3 Kd6 57. Kb5 Be1 58. b4 axb4 59. axb4 Bd2 60. Kc4 Bc1 (60... Be1 61. f4 gxf4 62. g5 $18) 61. Bd5 $1 {d4-e4, קh6. A typical method of restricting the enemy king.} Bf4 (61... Bb2 62. b5 $18) (61... Be3 62. Kd3 $18 {[%cal Yd3e4] e4}) 62. Kd4 Bd2 63. b5 Ba5 64. Ke4 Bb6 65. Bc4 $18 {[%csl Gd6][%cal Ye4g6,Yg6h6,Rc4g8]}) 51. f4 h5 52. g5+ Kg7 53. Kc4 {This move marks the fiasco of Black's play in the endgame. Although he has managed to block the enemy pawns on dark squares and make them vulnerable, the white king has been given enough time to get activated. Black's counterplay will be too slow.} Bd6 54. Kb5 Bxf4 55. Kxa5 Bg3 56. Kb5 Bxh4 57. a4 Bxg5 58. a5 Kf6 59. a6 Be3 60. Kc6 g5 61. b4 Ke5 62. b5 Kxe4 63. b6 g4 64. a7 g3 65. a8=Q Kf3 66. b7 Bf4 67. Qf8 Ke4 68. Qe8+ 1-0

[Event "Morelia/Linares 24th"]
[Site "Morelia/Linares"]
[Date "2007.02.18"]
[Round "2"]
[White "Aronian, Levon"]
[Black "Carlsen, Magnus"]
[Result "1/2-1/2"]
[WhiteElo "2744"]
[BlackElo "2690"]
[Annotator "Marin,Mihail"]
[PlyCount "62"]
[EventDate "2007.02.17"]
[EventType "tourn"]
[EventRounds "14"]
[EventCountry "ESP"]
[EventCategory "20"]
[SourceTitle "CBM 117"]
[Source "ChessBase"]
[SourceDate "2007.03.30"]
[SourceVersion "1"]
[SourceVersionDate "2007.03.30"]
[SourceQuality "1"]

1. d4 Nf6 2. c4 e6 3. g3 {Such important events as the World Championship match from Elista usually determine changes in the fashion. Aronian has included the Catalan in his repertoire recently; in Wijk aan Zee he obtained two important wins with it.} d5 4. Nf3 dxc4 5. Bg2 a6 6. O-O Nc6 7. e3 Bd7 8. Qe2 b5 9. Rd1 Be7 10. Nc3 ({RR} 10. e4 O-O 11. Bf4 Qc8 12. Nc3 b4 13. Nb1 Na5 14. Ne5 c5 15. d5 exd5 16. exd5 Bd6 17. Nxc4 Bxf4 18. Nxa5 Bg4 19. Bf3 Re8 20. Qd3 Bxf3 21. Qxf3 Be5 22. Nc4 Qg4 23. Nbd2 Bd4 24. d6 Qh3 {Buckels,V (2438)-Herbrig,A (2277) Schwaebisch Gmuend GER 2024 1-0 (55)}) 10... O-O {A courageous novelty. Black decides to ignore the pin along the Catalan diagonal.} 11. Ne5 Qe8 {Black has managed to prevent the immediate threats, but his coordination is rather poor, at least temporarily.} 12. b3 ({White decides to undermine Black's advantage of space on the queenside. A more natural continuation was} 12. e4 {, aiming to continue the development, for instance} Rd8 13. Be3 Bc8 14. f4) 12... Nd5 $146 ({Black considered the opening of the a-file with} 12... cxb3 13. axb3 {to be too dangerous. Instead, he prefers to return his small material advantage in order to activate his play.}) ({RR} 12... cxb3 13. axb3 b4 14. Ne4 Nxe5 15. Nxf6+ gxf6 16. dxe5 Bc6 17. Bb2 f5 18. e4 Bxe4 19. Bxe4 fxe4 20. Qxe4 Qb5 21. Bc1 Kh8 22. Bh6 Rg8 23. Qf4 Qe8 24. Rac1 c5 25. h4 a5 26. Kg2 a4 27. Rh1 {Thomas,A (2126)-Dauletova,G (2220) Chess.com INT 2022 1-0 (46)}) ({RR} 12... cxb3 13. axb3 b4 14. Ne4 Nxe5 15. Nxf6+ gxf6 16. dxe5 Bc6 17. Bb2 f5 18. e4 Bxe4 19. Bxe4 fxe4 20. Qxe4 Qb5 21. Bc1 Kh8 22. Bh6 Rg8 23. Qf4 Qe8 24. Rac1 c5 25. h4 a5 26. Kg2 a4 27. Rh1 {Thomas,A (2126)-Dauletova,G (2220) Chess.com INT 2022 1-0 (46)}) 13. Bxd5 {Giving up the Catalan bishop in order to install a second active knight in the centre.} exd5 14. Nxd5 Nxe5 15. dxe5 Ra7 16. bxc4 {White is a pawn up already, but the weakness of the light squares offer Black good compensation.} c6 17. Nf4 Qc8 18. Bb2 g5 19. e4 $5 {An interesting decision. White could not find a stable square for his knight too easily and decides to sacrifice it in the hope of obtaining a direct attack against the king. The plan is logical from asbtract point of view, but probably unsound practically.} gxf4 20. gxf4 f5 21. Qe3 Rb7 22. Qg3+ Kf7 23. Qh3 Ke8 24. Qh5+ Rf7 25. Kh1 fxe4 26. Rg1 Bf5 27. Rad1 Rd7 ({Probably missing White's answer. After} 27... Bg6 {, the attack would have been difficult to carry out.}) 28. e6 $1 Bxe6 29. Rg8+ Bf8 30. Rxf8+ $1 {A draw by perpetual is inevitable now.} Kxf8 31. Qh6+ Ke7 1/2-1/2

[Event "Morelia/Linares 24th"]
[Site "Morelia/Linares"]
[Date "2007.02.19"]
[Round "3"]
[White "Carlsen, Magnus"]
[Black "Anand, Viswanathan"]
[Result "0-1"]
[WhiteElo "2690"]
[BlackElo "2779"]
[Annotator "Marin,Mihail"]
[PlyCount "80"]
[EventDate "2007.02.17"]
[EventType "tourn"]
[EventRounds "14"]
[EventCountry "ESP"]
[EventCategory "20"]
[SourceTitle "CBM 117"]
[Source "ChessBase"]
[SourceDate "2007.03.30"]
[SourceVersion "1"]
[SourceVersionDate "2007.03.30"]
[SourceQuality "1"]

1. d4 d5 2. c4 c6 3. Nc3 Nf6 4. e3 e6 5. Nf3 Nbd7 6. Bd3 dxc4 7. Bxc4 b5 8. Bd3 Bd6 $5 {This interesting move was introduced in practice by Zviaginsev in the early '90s, but has never been in the centre of the theoretical disputes. Adopting it for this specific game must have been an over-the-board decision of Anand, possibly based on the fact that Carlsen had never played the the Meran variation (6.d3) before.} 9. O-O ({The only game where Anand had played this line before went} 9. Bd2 O-O 10. Ne4 Nxe4 11. Bxe4 Bb7 12. Rc1 Rc8 13. b4 {. White has delayed his castle, for the sake of rapid queenside developemnt, aimed to prevent the typical counterplay based on ...c5.} Qe7 14. Qb3 e5 15. dxe5 Nxe5 16. Nxe5 Bxe5 17. Qb1 g6 {. It might seem that White's strategy has been dubious, because castling is connected with a loss of pawn now. However, after} 18. O-O $5 Qd6 19. Bc3 Bxh2+ 20. Kh1 Be5 21. Rfd1 {White had excellent compensation in view of the passive b7-bishop and the imobility of the black queenside, Sokolov-Anand, Wijk aan Zee 2005.}) 9... O-O 10. b3 ({Carlsen opts for a quiet way of developing. Several other moves have been tried here, with no definitive conclusion yet. It should be said that the most principled line} 10. e4 e5 11. Bg5 exd4 12. Nxd4 Ne5 13. Be2 {has yielded Black excelent results in practice.}) 10... Bb7 11. Bb2 a6 12. Ne4 Nxe4 13. Bxe4 Nf6 ({Curiously, this natural move is a novelty, which is quite suggestive for the unsettled character of theory in the Zviagintsev line.} 13... f5 {has been occasionally played before, but it is hard to understand why would Black weaken the a1-h8 diagonal so easily.}) 14. Bc2 c5 15. dxc5 Bxc5 {The position is almost symmetrical. By having adopted the modest method of development based on b3 (compared to Black's ...b5 and ...a6), White has spared a tempo, which offers him some chances of taking over the initiative. However, in the long run the light-squared bishop will face difficulties achieving stability, precisely because the b3-square is not available.} 16. Ng5 ({This knight jump might be premature. I would prefer continuing the development with} 16. Qe2 {followed by fd1 and g5 and/or a4.}) 16... Qxd1 17. Raxd1 $6 ({Quite illogical. The queen's rook is "designed" to occupy the c-file, eventually after provoking a weakening of the enemy queenside by means of a4.} 17. Rfxd1 Kh8 18. a4 {looks like a better continuation. Yet, this general aspects might seem irrelevant, since Black faces problems defending his kingside.}) 17... Kh8 $146 ({This elegant defence solves Black's problems.} 17... h6 $6 {would have lost apawn after} 18. Bxf6 gxf6 ({or} 18... hxg5 19. Bxg5 {with the same result.}) 19. Nh7 Rfd8 20. Be4 $5 Bxe4 21. Nxf6+ Kg7 22. Nxe4 {without any compensation for Black.}) ({RR} 17... Rfd8 18. Bxf6 gxf6 19. Bxh7+ Kg7 20. Be4 fxg5 21. Bxb7 Rxd1 22. Rxd1 Ra7 23. Be4 f5 24. Bb1 Re7 25. g3 Ba3 26. Kg2 Kf6 27. Rd8 Rc7 28. Bd3 Rc6 29. Ra8 Rd6 30. Bxb5 Bc5 31. Rxa6 {1-0 (31) Gurvich,V (2129)-Kiremitciyan,A (1844) Golden Sands 2014}) 18. g3 ({It is hard to comment on this move. White spends a valuable tempo on... weakening the f3-square. Probably, Carlsen wanted to make the threat of winning a pawn with Bxf6, which would not work now. If} 18. Bxf6 gxf6 19. Nxh7 $2 {then} Rg8 20. g3 Kg7 {trapping the knight. Instead of 19.xh7, White has several ways of reaching a drawn opposite coloured bishop ending: 19.e4, 19.e4 or 19.d7. Curiously, the engines like 18.g3, too, in fierce competition with... 18.g4.}) 18... h6 19. Bxf6 hxg5 20. Bb2 ({Another drawback of 18.g3 can be seen in theline} 20. Bxg5 $2 f6 {, trapping the bishop.}) 20... Rac8 21. Rc1 {Practically admitting the inaccuracy of his 17th move.} Rfd8 22. Rfd1 Bf3 23. Rxd8+ Rxd8 {White's temporary initiative has been extinguished completely and now he has to endure the consequences of his superficial strategy. The f3-bishop is dominating the board, while his white colleague occupies a passive position on c2. In the long run, the massive advance of the kingside pawns is likely to increase Black's advantage. And yet, in symmetrical positions the drawish zone is quite wide and White should not be in too big danger of losing yet.} 24. a3 b4 {Of course! The c2-bishop will not be allowed to get to b3.} 25. a4 f5 26. Kf1 f4 ({This active move will be crowned by success after Black's mistaken answer. In case of the more static} 26... g4 {White would have activated his play with} 27. Ke1 Bd6 28. Bd1 Bb7 29. a5 {followed by Be2. Black's advantage after} Kg8 30. Be2 Kf7 31. Bc4 g5 {would be more of symbolic nature.}) 27. Be4 $2 ({Instead of panicking, White should have put the enemy king under pressure, too, with} 27. gxf4 gxf4 28. exf4 Rd2 29. Bg6 {when in view of the weaknes of the 8th rank Black seems to have nothing better than a perpetual.}) 27... Bxe4 28. Rxc5 Rd1+ 29. Ke2 Rb1 30. Bc1 f3+ 31. Kd1 Rxb3 {How much different is this rook and opposite coloured bishops ending from that from Carlsen's first round game against Morozevich... White has little hope of surviving.} 32. Rc4 Bd3 33. Rc8+ Kh7 34. e4 Rb1 35. Kd2 Bxe4 36. Ke3 Bd5 37. Bd2 Rb3+ 38. Kd4 Rb2 39. Be3 Re2 40. Rc1 Ba2 0-1